[Event "30th Klatovy B 2024"]
[Site "Klatovy CZE"]
[Date "2024.07.02"]
[Round "4.27"]
[White "Koutecka, Magdalena"]
[Black "Studnicka, Ondrej"]
[Result "0-1"]
[WhiteElo "1479"]
[BlackElo "1748"]
[PlyCount "42"]
[EventDate "2024.06.29"]
[EventType "swiss"]
[EventRounds "9"]
[EventCountry "CZE"]

1. e4 e5 2. d4 exd4 3. c3 dxc3 4. Nxc3 Nc6 5. Bc4 Nf6 6. Nf3 d6 7. O-O Bg4 8. Qe2 Nd4 9. Bxf7+ Kxf7 10. Qc4+ Ke8 11. Nxd4 c5 12. Nb3 Qd7 13. f3 Rc8 14. Qe2 Be6 15. Rd1 Be7 16. Be3 b6 17. Rd2 Qb7 18. Nb5 Bc4 19. Nxd6+ Bxd6 20. Qd1 Be7 21. Rc1 Kf7 0-1

[Event "30th Klatovy B 2024"]
[Site "Klatovy CZE"]
[Date "2024.07.02"]
[Round "4.29"]
[White "Vasko, Pavel"]
[Black "Jarosik, Karel"]
[Result "1-0"]
[WhiteElo "1655"]
[BlackElo "1456"]
[PlyCount "109"]
[EventDate "2024.06.29"]
[EventType "swiss"]
[EventRounds "9"]
[EventCountry "CZE"]

1. e4 e5 2. Nf3 Nc6 3. Bc4 Nf6 4. d3 Bc5 5. O-O O-O 6. c3 d6 7. b4 Bb6 8. Be3 Bxe3 9. fxe3 Bg4 10. Nbd2 d5 11. Bb3 d4 12. exd4 exd4 13. Qc2 dxc3 14. Qxc3 Qe7 15. a3 Be6 16. Rac1 Bxb3 17. Nxb3 Rfe8 18. Nc5 Nd8 19. b5 Nd7 20. Nb3 Rc8 21. Nbd4 b6 22. Nf5 Qc5+ 23. d4 Qxc3 24. Rxc3 Ne6 25. Rfc1 Rcd8 26. e5 g6 27. Ne3 f6 28. Kf2 fxe5 29. dxe5 Nec5 30. Nd5 Ne4+ 31. Kf1 Nxc3 32. Rxc3 Kg7 33. Rxc7 Kh6 34. Rxa7 Nxe5 35. Nf6 Rh8 36. Nxe5 Rdf8 37. Nf7+ Rxf7 38. Rxf7 Ra8 39. Nd5 Rxa3 40. Rb7 Ra1+ 41. Kf2 Ra2+ 42. Kg3 Ra3+ 43. Kg4 Ra4+ 44. Kh3 Kh5 45. Rxh7+ Kg5 46. g3 Ra5 47. Nc3 Ra3 48. Rc7 Ra1 49. Rc6 Rc1 50. Ne4+ Kf5 51. Nd6+ Ke6 52. Rxc1 Kxd6 53. Kg4 Ke6 54. Kg5 Kf7 55. Rc6 1-0

[Event "30th Klatovy B 2024"]
[Site "Klatovy CZE"]
[Date "2024.07.02"]
[Round "4.33"]
[White "Chmelova, Klara"]
[Black "Stegner, Mathias 2007"]
[Result "0-1"]
[WhiteElo "1457"]
[BlackElo "1566"]
[PlyCount "108"]
[EventDate "2024.06.29"]
[EventType "swiss"]
[EventRounds "9"]
[EventCountry "CZE"]

1. e4 g6 2. d4 Bg7 3. Nf3 d6 4. Bc4 Bg4 5. Nc3 Nd7 6. Be3 Bxf3 7. Qxf3 Ngf6 8. O-O-O c6 9. e5 Nd5 10. Nxd5 cxd5 11. Bxd5 O-O 12. exd6 exd6 13. Bf4 Rc8 14. Bxd6 Nf6 15. Bxf8 Qxf8 16. Bxb7 Rb8 17. Rhe1 Qb4 18. c3 Qxb7 19. Qxb7 Rxb7 20. d5 Rd7 21. c4 Bf8 22. Re3 Bh6 23. d6 Bxe3+ 24. fxe3 Ne4 25. b4 Rxd6 26. Rxd6 Nxd6 27. c5 Nb5 28. a4 Nc7 29. b5 Kf8 30. b6 axb6 31. cxb6 Na6 32. Kc2 Ke7 33. Kc3 Kd6 34. Kd4 f6 35. e4 Nc5 36. a5 Nb3+ 37. Kc4 Nxa5+ 38. Kb5 Nb7 39. Ka6 Kc6 40. g4 g5 41. h3 h6 42. Ka7 Nc5 43. Kb8 Kxb6 44. Kc8 Kc6 45. Kd8 Kd6 46. Ke8 Nxe4 47. Kf7 Ke5 48. Kg6 Nf2 49. Kxh6 Nxh3 50. Kh5 Nf2 51. Kg6 Nxg4 52. Kh5 Nh2 53. Kh6 g4 54. Kh5 g3 0-1

[Event "30th Klatovy B 2024"]
[Site "Klatovy CZE"]
[Date "2024.07.02"]
[Round "4.34"]
[White "Tereshonkov, Stanislav"]
[Black "Pozar, Pavel"]
[Result "1-0"]
[WhiteElo "1413"]
[BlackElo "1553"]
[PlyCount "147"]
[EventDate "2024.06.29"]
[EventType "swiss"]
[EventRounds "9"]
[EventCountry "CZE"]

1. e4 e5 2. Nf3 Nc6 3. Bc4 Nf6 4. d3 d6 5. h3 g6 6. Nc3 Bg7 7. O-O a6 8. a3 b5 9. Ba2 Nd4 10. Nd5 Be6 11. Bg5 h6 12. Nxf6+ Bxf6 13. Bxf6 Qxf6 14. Nxd4 Bxa2 15. Nxb5 axb5 16. Rxa2 g5 17. Qh5 Qf4 18. Raa1 b4 19. axb4 Rxa1 20. Rxa1 Ke7 21. Qe2 h5 22. g3 Qf6 23. b5 Qe6 24. Kg2 g4 25. h4 Qf6 26. Qd2 Rb8 27. c4 Qf3+ 28. Kg1 Qf6 29. Ra7 Rc8 30. Rb7 Kd8 31. Qe3 Ra8 32. b6 Ra1+ 33. Kg2 Qf3+ 34. Qxf3 gxf3+ 35. Kxf3 cxb6 36. Rxb6 Kc7 37. Rb5 Rd1 38. Ke2 Rb1 39. b4 Rb2+ 40. Ke3 Rb3 41. f3 f6 42. g4 Rb2 43. gxh5 Rh2 44. f4 Rxh4 45. fxe5 fxe5 46. d4 Rh3+ 47. Ke2 Rh2+ 48. Kf3 exd4 49. Rd5 Rh3+ 50. Kg4 Rd3 51. h6 Rd1 52. h7 Rg1+ 53. Kf5 Rh1 54. Kg6 Rg1+ 55. Rg5 Rh1 56. Kg7 d3 57. h8=Q Re1 58. Qh3 d2 59. Rd5 d1=Q 60. Rxd1 Rxd1 61. Kf6 Rb1 62. e5 dxe5 63. Qh7+ Kd6 64. Qxb1 e4 65. Qxe4 Kc7 66. Qe6 Kb7 67. Kg6 Ka7 68. Qc6 Kb8 69. Qd7 Ka8 70. Kf6 Kb8 71. Ke6 Ka8 72. Kd6 Kb8 73. Kc6 Ka8 74. Qb7# 1-0

[Event "30th Klatovy B 2024"]
[Site "Klatovy CZE"]
[Date "2024.07.01"]
[Round "3.1"]
[White "Bukvaj, Martin"]
[Black "Kaderabek, Jiri"]
[Result "0-1"]
[WhiteElo "1687"]
[BlackElo "1984"]
[PlyCount "88"]
[EventDate "2024.06.29"]
[EventType "swiss"]
[EventRounds "9"]
[EventCountry "CZE"]

1. e4 {[%emt 0:00:02]} c5 {[%emt 0:02:26]} 2. Nf3 {[%emt 0:00:53]} e6 {[%emt 0:00:11]} 3. d4 {[%emt 0:00:23]} cxd4 {[%emt 0:00:05]} 4. Nxd4 {[%emt 0:00:09]} Nc6 {[%emt 0:00:22]} 5. Be2 {[%emt 0:01:34]} Bc5 {[%emt 0:03:21]} 6. Nb3 {[%emt 0:06:11]} Be7 {[%emt 0:00:53]} 7. Nc3 {[%emt 0:04:51]} Nf6 {[%emt 0:02:59]} 8. Be3 {[%emt 0:03:23]} O-O {[%emt 0:02:41]} 9. O-O {[%emt 0:02:30]} Qc7 {[%emt 0:06:58]} 10. f4 {[%emt 0:19:52]} d6 {[%emt 0:06:05]} 11. g4 {[%emt 0:11:29]} d5 {[%emt 0:07:14]} 12. exd5 {[%emt 0:14:41]} Nxd5 {[%emt 0:00:09]} 13. Nxd5 {[%emt 0:01:15]} exd5 {[%emt 0:00:05]} 14. c3 {[%emt 0:00:38]} Rd8 {[%emt 0:07:34]} 15. Qe1 {[%emt 0:11:06]} Re8 {[%emt 0:04:43]} 16. Qf2 {[%emt 0:09:15]} Bf8 {[%emt 0:12:58]} 17. Rad1 {[%emt 0:04:23]} Qe7 {[%emt 0:03:25]} 18. Rd3 {[%emt 0:07:27]} b6 {[%emt 0:02:53]} 19. Nd4 {[%emt 0:07:07]} Nxd4 {[%emt 0:02:58]} 20. cxd4 {[%emt 0:00:16]} Ba6 {[%emt 0:01:47]} 21. Rc3 {[%emt 0:02:13]} Bxe2 {[%emt 0:01:28]} 22. Qxe2 {[%emt 0:00:10]} Qh4 {[%emt 0:04:54]} 23. Qf3 {[%emt 0:03:42]} Re4 {[%emt 0:04:44]} 24. Qg3 {[%emt 0:05:14]} Qe7 {[%emt 0:03:41]} 25. Rf3 {[%emt 0:03:56]} Qd7 {[%emt 0:02:58]} 26. Bf2 {[%emt 0:03:24]} Bd6 {[%emt 0:02:40]} 27. Rce3 {[%emt 0:02:25]} g5 {[%emt 0:02:55]} 28. Rxe4 {[%emt 0:02:12]} dxe4 {[%emt 0:00:05]} 29. Rc3 {[%emt 0:00:24]} gxf4 {[%emt 0:03:12]} 30. Qh4 {[%emt 0:02:11]} Be7 {[%emt 0:04:56]} 31. Qh6 {[%emt 0:01:11]} Qxg4+ {[%emt 0:00:16]} 32. Kh1 {[%emt 0:01:43]} e3 {[%emt 0:07:48]} 33. Bxe3 {[%emt 0:00:37]} fxe3 {[%emt 0:03:10]} 34. Qxe3 {[%emt 0:00:11]} Bd6 {[%emt 0:02:11]} 35. h3 {[%emt 0:00:49]} Qe6 {[%emt 0:01:55]} 36. Qg5+ {[%emt 0:00:27]} Qg6 {[%emt 0:01:40]} 37. Qe3 {[%emt 0:00:34]} Kf8 {[%emt 0:01:15]} 38. Rc1 {[%emt 0:00:13]} Re8 {[%emt 0:00:19]} 39. Qf2 {[%emt 0:00:47]} Qh5 {[%emt 0:01:50]} 40. Qg2 {[%emt 0:00:32]} Qe2 {[%emt 0:01:41]} 41. Qxe2 {[%emt 0:00:26]} Rxe2 {[%emt 0:00:07]} 42. Rc8+ {[%emt 0:00:25]} Ke7 {[%emt 0:00:46]} 43. Rh8 {[%emt 0:00:20]} Rxb2 {[%emt 0:01:22]} 44. Rxh7 {[%emt 0:00:10]} Rxa2 {[%emt 0:00:04]} 0-1

[Event "30th Klatovy B 2024"]
[Site "Klatovy CZE"]
[Date "2024.07.01"]
[Round "3.3"]
[White "Chmelik, Ladislav"]
[Black "Trejbal, Jindrich 2014"]
[Result "1-0"]
[WhiteElo "1795"]
[BlackElo "1671"]
[PlyCount "103"]
[EventDate "2024.06.29"]
[EventType "swiss"]
[EventRounds "9"]
[EventCountry "CZE"]

1. c4 {[%emt 0:00:11]} e5 {[%emt 0:00:09]} 2. Nc3 {[%emt 0:00:35]} Bb4 {[%emt 0:00:11]} 3. a3 {[%emt 0:00:22]} Bxc3 {[%emt 0:00:38]} 4. dxc3 {[%emt 0:00:10]} f5 {[%emt 0:05:27]} 5. e4 {[%emt 0:02:15]} Nf6 {[%emt 0:01:35]} 6. exf5 {[%emt 0:02:25]} d6 {[%emt 0:01:54]} 7. g4 {[%emt 0:05:20]} O-O {[%emt 0:07:55]} 8. Bg2 {[%emt 0:01:06]} Nc6 {[%emt 0:03:52]} 9. h3 {[%emt 0:05:59]} h5 {[%emt 0:08:14]} 10. g5 {[%emt 0:07:22]} Nh7 {[%emt 0:04:52]} 11. Bd5+ {[%emt 0:00:52]} Kh8 {[%emt 0:01:52]} 12. Qxh5 {[%emt 0:00:35]} Bxf5 {[%emt 0:02:03]} 13. g6 {[%emt 0:00:35]} Bxg6 {[%emt 0:00:27]} 14. Qxg6 {[%emt 0:00:09]} Ne7 {[%emt 0:01:00]} 15. Qd3 {[%emt 0:04:05]} Nxd5 {[%emt 0:01:23]} 16. cxd5 {[%emt 0:00:34]} Qh4 {[%emt 0:02:03]} 17. Be3 {[%emt 0:02:07]} Ng5 {[%emt 0:03:12]} 18. O-O-O {[%emt 0:01:55]} Rf6 {[%emt 0:08:12]} 19. Ne2 {[%emt 0:10:45]} Nf3 {[%emt 0:06:03]} 20. Ng3 {[%emt 0:00:58]} Raf8 {[%emt 0:01:39]} 21. Ne4 {[%emt 0:01:49]} R6f7 {[%emt 0:03:45]} 22. Nd2 {[%emt 0:01:20]} g5 {[%emt 0:08:28]} 23. Nxf3 {[%emt 0:00:36]} Rxf3 {[%emt 0:00:32]} 24. Qg6 {[%emt 0:04:09]} R3f5 {[%emt 0:10:24]} 25. Rhg1 {[%emt 0:01:43]} R8f6 {[%emt 0:02:06]} 26. Bxg5 {[%emt 0:05:33]} Rxg6 {[%emt 0:00:41]} 27. Bxh4 {[%emt 0:00:09]} Rh6 {[%emt 0:00:17]} 28. Rg4 {[%emt 0:01:53]} Rf4 {[%emt 0:00:53]} 29. Rxf4 {[%emt 0:02:49]} exf4 {[%emt 0:00:08]} 30. Bg5 {[%emt 0:00:21]} Rxh3 {[%emt 0:00:21]} 31. Bxf4 {[%emt 0:00:12]} Rf3 {[%emt 0:00:12]} 32. Bg3 {[%emt 0:00:33]} Kg7 {[%emt 0:00:30]} 33. Re1 {[%emt 0:01:25]} Rf7 {[%emt 0:00:31]} 34. Bh4 {[%emt 0:01:36]} Kg6 {[%emt 0:00:19]} 35. Re7 {[%emt 0:01:10]} Rf4 {[%emt 0:00:47]} 36. Bg3 {[%emt 0:00:11]} Rc4 {[%emt 0:00:09]} 37. Kc2 {[%emt 0:02:14]} b5 {[%emt 0:00:51]} 38. Kd3 {[%emt 0:01:13]} Rc5 {[%emt 0:00:33]} 39. Kd4 {[%emt 0:02:03]} Rc4+ {[%emt 0:00:21]} 40. Ke3 {[%emt 0:01:04]} Kf6 {[%emt 0:01:03]} 41. Re4 {[%emt 0:01:06]} Rc5 {[%emt 0:00:11]} 42. Rd4 {[%emt 0:00:16]} b4 {[%emt 0:00:43]} 43. axb4 {[%emt 0:00:39]} Rb5 {[%emt 0:00:07]} 44. Kd3 {[%emt 0:01:34]} a5 {[%emt 0:00:19]} 45. Kc4 {[%emt 0:00:10]} Rb8 {[%emt 0:00:20]} 46. b5 {[%emt 0:02:38]} Rb6 {[%emt 0:00:27]} 47. Rh4 {[%emt 0:01:15]} Kg7 {[%emt 0:00:44]} 48. Bf4 {[%emt 0:00:43]} Kg6 {[%emt 0:00:17]} 49. Rh8 {[%emt 0:00:19]} Kf5 {[%emt 0:00:13]} 50. Be3 {[%emt 0:00:09]} c5 {[%emt 0:00:17]} 51. dxc6 {[%emt 0:00:52]} d5+ {[%emt 0:00:19]} 52. Kc5 {[%emt 0:00:10]} 1-0

[Event "30th Klatovy B 2024"]
[Site "Klatovy CZE"]
[Date "2024.07.01"]
[Round "3.6"]
[White "Bukvaj, Jan"]
[Black "Brychta, David"]
[Result "1-0"]
[WhiteElo "1652"]
[BlackElo "1695"]
[PlyCount "95"]
[EventDate "2024.06.29"]
[EventType "swiss"]
[EventRounds "9"]
[EventCountry "CZE"]

1. c4 e5 {[%emt 0:00:06]} 2. Nc3 {[%emt 0:00:04]} Bb4 {[%emt 0:00:02]} 3. a3 {[%emt 0:00:39]} Bxc3 {[%emt 0:00:05]} 4. bxc3 {[%emt 0:00:04]} d6 {[%emt 0:00:06]} 5. d4 {[%emt 0:00:59]} exd4 {[%emt 0:00:28]} 6. cxd4 {[%emt 0:00:06]} Ne7 {[%emt 0:04:36]} 7. Nf3 {[%emt 0:01:51]} f6 {[%emt 0:00:36]} 8. e3 {[%emt 0:06:00]} Bg4 {[%emt 0:01:01]} 9. Be2 {[%emt 0:01:02]} O-O {[%emt 0:00:30]} 10. h3 {[%emt 0:00:33]} Bh5 {[%emt 0:00:37]} 11. O-O {[%emt 0:00:43]} Nbc6 {[%emt 0:00:27]} 12. Bb2 {[%emt 0:07:42]} Bg6 {[%emt 0:10:29]} 13. d5 {[%emt 0:18:35]} Ne5 {[%emt 0:05:23]} 14. Nd4 {[%emt 0:01:49]} Bf7 {[%emt 0:05:44]} 15. f4 {[%emt 0:22:05]} Nd7 {[%emt 0:00:42]} 16. f5 {[%emt 0:07:10]} Nc5 {[%emt 0:04:56]} 17. Bd3 {[%emt 0:07:06]} Nc8 {[%emt 0:03:30]} 18. Ne6 {[%emt 0:04:56]} Bxe6 {[%emt 0:00:59]} 19. fxe6 {[%emt 0:00:10]} Qe7 {[%emt 0:01:20]} 20. Rf3 {[%emt 0:05:47]} Nb6 {[%emt 0:01:32]} 21. Qc2 {[%emt 0:05:58]} Nxd3 {[%emt 0:06:43]} 22. Qxd3 {[%emt 0:01:07]} Rac8 {[%emt 0:00:35]} 23. a4 {[%emt 0:04:34]} c6 {[%emt 0:11:05]} 24. a5 {[%emt 0:01:32]} Na8 {[%emt 0:01:12]} 25. Rff1 {[%emt 0:06:06]} cxd5 {[%emt 0:04:01]} 26. cxd5 {[%emt 0:00:25]} b6 {[%emt 0:02:22]} 27. a6 {[%emt 0:02:37]} Rc5 {[%emt 0:00:48]} 28. Ba3 {[%emt 0:00:40]} Ra5 {[%emt 0:04:10]} 29. Bb4 {[%emt 0:06:53]} Rxa1 {[%emt 0:00:08]} 30. Rxa1 {[%emt 0:00:04]} Nc7 {[%emt 0:03:10]} 31. Rc1 {[%emt 0:01:15]} Rd8 {[%emt 0:01:56]} 32. Rc6 {[%emt 0:00:46]} Ne8 {[%emt 0:01:38]} 33. Qc4 {[%emt 0:00:57]} f5 {[%emt 0:03:01]} 34. Rc8 {[%emt 0:00:50]} h6 {[%emt 0:04:49]} 35. Rxd8 {[%emt 0:00:31]} Qxd8 {[%emt 0:00:05]} 36. Qc6 {[%emt 0:00:07]} Nf6 {[%emt 0:00:48]} 37. Bxd6 {[%emt 0:01:31]} b5 {[%emt 0:01:22]} 38. e7 {[%emt 0:01:03]} Qe8 {[%emt 0:02:48]} 39. Qxe8+ {[%emt 0:00:14]} Nxe8 {[%emt 0:00:07]} 40. Bc5 {[%emt 0:00:08]} Kf7 {[%emt 0:00:30]} 41. Bxa7 {[%emt 0:01:45]} b4 {[%emt 0:01:44]} 42. Bd4 {[%emt 0:03:23]} Kxe7 {[%emt 0:07:30]} 43. Be5 {[%emt 0:00:21]} b3 {[%emt 0:01:25]} 44. a7 {[%emt 0:00:23]} Nc7 {[%emt 0:00:04]} 45. d6+ {[%emt 0:00:12]} Ke6 {[%emt 0:00:43]} 46. dxc7 {[%emt 0:00:08]} Kxe5 {[%emt 0:00:05]} 47. c8=Q {[%emt 0:00:09]} b2 {[%emt 0:00:05]} 48. Qc2 {[%emt 0:00:04]} 1-0

[Event "30th Klatovy B 2024"]
[Site "Klatovy CZE"]
[Date "2024.07.01"]
[Round "3.8"]
[White "Rudlof, Jan 2006"]
[Black "Kroulik, Stepan"]
[Result "1/2-1/2"]
[WhiteElo "1599"]
[BlackElo "1688"]
[PlyCount "110"]
[EventDate "2024.06.29"]
[EventType "swiss"]
[EventRounds "9"]
[EventCountry "CZE"]

1. e4 {[%emt 0:00:03]} c5 {[%emt 0:00:08]} 2. Nf3 {[%emt 0:00:12]} e6 {[%emt 0:00:12]} 3. Nc3 {[%emt 0:00:17]} a6 {[%emt 0:00:10]} 4. d4 {[%emt 0:00:18]} cxd4 {[%emt 0:00:06]} 5. Nxd4 {[%emt 0:00:04]} Qc7 {[%emt 0:00:18]} 6. Qf3 {[%emt 0:00:59]} Bb4 {[%emt 0:00:24]} 7. Bd2 {[%emt 0:00:40]} Nf6 {[%emt 0:00:19]} 8. a3 {[%emt 0:02:17]} Ba5 {[%emt 0:00:25]} 9. Bd3 {[%emt 0:01:39]} Nc6 {[%emt 0:00:32]} 10. Nxc6 {[%emt 0:01:47]} Qxc6 {[%emt 0:00:53]} 11. Qg3 {[%emt 0:04:16]} O-O {[%emt 0:09:10]} 12. Qe5 {[%emt 0:04:43]} Bc7 {[%emt 0:01:34]} 13. Qg5 {[%emt 0:04:56]} e5 {[%emt 0:09:36]} 14. Qh4 {[%emt 0:07:04]} b5 {[%emt 0:05:17]} 15. O-O {[%emt 0:01:21]} Bb7 {[%emt 0:01:41]} 16. Bg5 {[%emt 0:02:21]} h6 {[%emt 0:01:30]} 17. Bxf6 {[%emt 0:01:36]} Qxf6 {[%emt 0:00:35]} 18. Qxf6 {[%emt 0:00:29]} gxf6 {[%emt 0:00:07]} 19. Nd5 {[%emt 0:00:14]} Bxd5 {[%emt 0:00:44]} 20. exd5 {[%emt 0:00:19]} Rfe8 {[%emt 0:02:54]} 21. Be4 {[%emt 0:02:12]} d6 {[%emt 0:00:53]} 22. Rac1 {[%emt 0:00:49]} Bb6 {[%emt 0:02:13]} 23. Rfd1 {[%emt 0:00:52]} Rac8 {[%emt 0:01:18]} 24. b3 {[%emt 0:01:07]} Rc3 {[%emt 0:06:22]} 25. Rd3 {[%emt 0:01:28]} Rec8 {[%emt 0:00:45]} 26. Rxc3 {[%emt 0:00:51]} Rxc3 {[%emt 0:00:23]} 27. Rd1 {[%emt 0:01:10]} Kf8 {[%emt 0:03:12]} 28. Kf1 {[%emt 0:02:15]} a5 {[%emt 0:05:14]} 29. Ke2 {[%emt 0:03:54]} a4 {[%emt 0:02:33]} 30. Rb1 {[%emt 0:01:26]} Bc5 {[%emt 0:01:29]} 31. Kd2 {[%emt 0:02:40]} Bd4 {[%emt 0:00:46]} 32. bxa4 {[%emt 0:23:35]} bxa4 {[%emt 0:00:18]} 33. Ra1 {[%emt 0:10:54]} Rc5 {[%emt 0:15:35]} 34. Rf1 {[%emt 0:04:29]} f5 {[%emt 0:01:22]} 35. Bxf5 {[%emt 0:00:52]} Rxd5 {[%emt 0:00:44]} 36. Kc1 {[%emt 0:03:40]} Ke7 {[%emt 0:01:54]} 37. f3 {[%emt 0:06:26]} Rb5 {[%emt 0:04:07]} 38. Bd3 {[%emt 0:03:42]} Rb6 {[%emt 0:01:09]} 39. Kd2 {[%emt 0:01:34]} Bb2 {[%emt 0:01:07]} 40. Ke2 {[%emt 0:05:28]} Ke6 {[%emt 0:03:36]} 41. Rb1 {[%emt 0:01:24]} Kd5 {[%emt 0:00:51]} 42. Be4+ {[%emt 0:01:40]} Kc5 {[%emt 0:01:12]} 43. Kd3 {[%emt 0:02:13]} Bxa3 {[%emt 0:03:40]} 44. Ra1 {[%emt 0:01:35]} Kb4 {[%emt 0:02:30]} 45. c3+ {[%emt 0:02:19]} Kb3 {[%emt 0:00:07]} 46. Bd5+ {[%emt 0:00:43]} Kb2 {[%emt 0:00:19]} 47. Ra2+ {[%emt 0:00:25]} Kc1 {[%emt 0:01:17]} 48. Rxa3 {[%emt 0:01:10]} f5 {[%emt 0:00:21]} 49. Rxa4 {[%emt 0:01:12]} Rb5 {[%emt 0:00:32]} 50. Be6 {[%emt 0:02:46]} f4 {[%emt 0:00:28]} 51. Ra6 {[%emt 0:00:47]} d5 {[%emt 0:00:40]} 52. Bd7 {[%emt 0:01:38]} Rc5 {[%emt 0:00:54]} 53. Ra4 {[%emt 0:03:44]} Kb2 {[%emt 0:00:46]} 54. c4 {[%emt 0:01:12]} dxc4+ {[%emt 0:00:21]} 55. Ke4 {[%emt 0:01:30]} c3 {[%emt 0:00:33]} 1/2-1/2

[Event "30th Klatovy B 2024"]
[Site "Klatovy CZE"]
[Date "2024.07.01"]
[Round "3.9"]
[White "Koper, Stefan"]
[Black "Kasik, Denis"]
[Result "1-0"]
[WhiteElo "1845"]
[BlackElo "1596"]
[PlyCount "89"]
[EventDate "2024.06.29"]
[EventType "swiss"]
[EventRounds "9"]
[EventCountry "CZE"]

1. d4 {[%emt 0:02:10]} d5 {[%emt 0:00:02]} 2. c4 {[%emt 0:00:12]} e5 {[%emt 0:00:04]} 3. cxd5 {[%emt 0:02:09]} Qxd5 {[%emt 0:00:28]} 4. e3 {[%emt 0:00:08]} exd4 {[%emt 0:02:14]} 5. exd4 {[%emt 0:00:22]} Nc6 {[%emt 0:01:11]} 6. Be3 {[%emt 0:00:06]} Nf6 {[%emt 0:01:09]} 7. Nf3 {[%emt 0:00:16]} Bb4+ {[%emt 0:01:15]} 8. Nc3 {[%emt 0:00:02]} O-O {[%emt 0:07:00]} 9. Be2 {[%emt 0:01:15]} Re8 {[%emt 0:14:25]} 10. O-O {[%emt 0:00:13]} Bxc3 {[%emt 0:02:09]} 11. bxc3 {[%emt 0:00:34]} Bf5 {[%emt 0:02:29]} 12. Qb3 {[%emt 0:05:08]} Qxb3 {[%emt 0:03:00]} 13. axb3 {[%emt 0:00:10]} Nd5 {[%emt 0:00:30]} 14. Bb5 {[%emt 0:02:31]} Nxe3 {[%emt 0:03:47]} 15. fxe3 {[%emt 0:00:17]} Rxe3 {[%emt 0:05:26]} 16. Bxc6 {[%emt 0:05:36]} bxc6 {[%emt 0:01:25]} 17. Ne5 {[%emt 0:00:38]} Be6 {[%emt 0:04:22]} 18. Rf3 {[%emt 0:04:59]} Rxf3 {[%emt 0:01:22]} 19. gxf3 {[%emt 0:00:03]} Bxb3 {[%emt 0:02:56]} 20. Nxc6 {[%emt 0:00:02]} Kf8 {[%emt 0:05:27]} 21. Kf2 {[%emt 0:01:54]} Bd5 {[%emt 0:05:17]} 22. Nxa7 {[%emt 0:00:07]} Be6 {[%emt 0:03:04]} 23. Ra3 {[%emt 0:02:02]} g5 {[%emt 0:10:42]} 24. Nb5 {[%emt 0:00:19]} Rxa3 {[%emt 0:00:31]} 25. Nxa3 {[%emt 0:00:01]} c6 {[%emt 0:00:45]} 26. Nc2 {[%emt 0:00:10]} Ke7 {[%emt 0:01:45]} 27. Kg3 {[%emt 0:00:19]} f5 {[%emt 0:02:16]} 28. f4 {[%emt 0:00:02]} g4 {[%emt 0:02:29]} 29. Ne3 {[%emt 0:00:03]} Kd6 {[%emt 0:08:08]} 30. c4 {[%emt 0:00:21]} Bd7 {[%emt 0:06:00]} 31. Kh4 {[%emt 0:00:33]} Ke6 {[%emt 0:05:12]} 32. Kg5 {[%emt 0:00:22]} h6+ {[%emt 0:01:17]} 33. Kxh6 {[%emt 0:00:30]} Kf6 {[%emt 0:00:50]} 34. d5 {[%emt 0:04:27]} c5 {[%emt 0:02:03]} 35. Nd1 {[%emt 0:08:01]} Bc8 {[%emt 0:03:05]} 36. Kh7 {[%emt 0:00:12]} Kf7 {[%emt 0:02:15]} 37. Nf2 {[%emt 0:00:52]} Kf6 {[%emt 0:04:06]} 38. Nd3 {[%emt 0:00:07]} Ba6 {[%emt 0:00:29]} 39. Ne5 {[%emt 0:00:01]} Bc8 {[%emt 0:03:25]} 40. Kg8 {[%emt 0:01:18]} Ke7 {[%emt 0:01:52]} 41. Kg7 {[%emt 0:00:10]} Ba6 {[%emt 0:03:29]} 42. Kg6 {[%emt 0:00:09]} Bc8 {[%emt 0:02:46]} 43. Kg5 {[%emt 0:00:24]} Kd6 {[%emt 0:00:53]} 44. Kf6 {[%emt 0:00:15]} Kc7 {[%emt 0:01:06]} 45. Ke7 {[%emt 0:00:07]} 1-0

[Event "30th Klatovy B 2024"]
[Site "Klatovy CZE"]
[Date "2024.07.01"]
[Round "3.10"]
[White "Svejdar, Petr"]
[Black "Rudlof, Jan 1974"]
[Result "1-0"]
[WhiteElo "1695"]
[BlackElo "1799"]
[PlyCount "105"]
[EventDate "2024.06.29"]
[EventType "swiss"]
[EventRounds "9"]
[EventCountry "CZE"]

1. d4 {[%emt 0:00:02]} d5 {[%emt 0:00:06]} 2. Nf3 {[%emt 0:00:05]} Nf6 {[%emt 0:00:20]} 3. e3 {[%emt 0:00:18]} c5 {[%emt 0:07:43]} 4. c3 {[%emt 0:02:08]} e6 {[%emt 0:00:26]} 5. Bd3 {[%emt 0:00:07]} b6 {[%emt 0:01:15]} 6. Nbd2 {[%emt 0:00:23]} Bb7 {[%emt 0:06:04]} 7. O-O {[%emt 0:00:51]} Nbd7 {[%emt 0:00:44]} 8. Qe2 {[%emt 0:00:39]} Ne4 {[%emt 0:03:41]} 9. Bb5 {[%emt 0:02:39]} Nxd2 {[%emt 0:13:30]} 10. Bxd2 {[%emt 0:05:38]} Bd6 {[%emt 0:11:16]} 11. b3 {[%emt 0:12:32]} O-O {[%emt 0:00:33]} 12. Bxd7 {[%emt 0:00:18]} Qxd7 {[%emt 0:00:14]} 13. c4 {[%emt 0:01:02]} a5 {[%emt 0:15:06]} 14. a4 {[%emt 0:03:04]} f6 {[%emt 0:10:23]} 15. Bc3 {[%emt 0:00:51]} Qc7 {[%emt 0:03:50]} 16. Qb2 {[%emt 0:03:19]} dxc4 {[%emt 0:14:52]} 17. bxc4 {[%emt 0:02:30]} Bxf3 {[%emt 0:00:11]} 18. gxf3 {[%emt 0:00:06]} Bxh2+ {[%emt 0:00:08]} 19. Kg2 {[%emt 0:00:15]} Bd6 {[%emt 0:01:31]} 20. Rh1 {[%emt 0:03:55]} cxd4 {[%emt 0:06:31]} 21. Bxd4 {[%emt 0:02:20]} Bc5 {[%emt 0:03:29]} 22. Rab1 {[%emt 0:13:19]} Rab8 {[%emt 0:07:00]} 23. Qc2 {[%emt 0:04:56]} g6 {[%emt 0:03:10]} 24. Qe4 {[%emt 0:02:18]} Qe7 {[%emt 0:06:44]} 25. Bxc5 {[%emt 0:05:03]} bxc5 {[%emt 0:00:43]} 26. Rb5 {[%emt 0:00:31]} Rxb5 {[%emt 0:00:16]} 27. axb5 {[%emt 0:00:12]} Qd6 {[%emt 0:05:46]} 28. Qb7 {[%emt 0:02:06]} Rf7 {[%emt 0:00:19]} 29. Qa8+ {[%emt 0:00:50]} Kg7 {[%emt 0:00:22]} 30. Qxa5 {[%emt 0:01:27]} Rb7 {[%emt 0:00:49]} 31. Ra1 {[%emt 0:01:56]} h5 {[%emt 0:06:29]} 32. Qa6 {[%emt 0:05:56]} Qxa6 {[%emt 0:01:27]} 33. Rxa6 {[%emt 0:00:03]} Kf7 {[%emt 0:01:14]} 34. Rc6 {[%emt 0:02:17]} Ke7 {[%emt 0:00:19]} 35. Rxc5 {[%emt 0:00:12]} Kd7 {[%emt 0:00:14]} 36. Rc6 {[%emt 0:00:37]} g5 {[%emt 0:00:40]} 37. Kg3 {[%emt 0:00:32]} f5 {[%emt 0:00:46]} 38. f4 {[%emt 0:00:45]} g4 {[%emt 0:00:25]} 39. Kh4 {[%emt 0:00:58]} Rb8 {[%emt 0:00:16]} 40. Ra6 {[%emt 0:02:26]} Rc8 {[%emt 0:00:26]} 41. Ra4 {[%emt 0:02:09]} Kd6 {[%emt 0:00:29]} 42. Kxh5 {[%emt 0:06:04]} Rh8+ {[%emt 0:00:08]} 43. Kg5 {[%emt 0:00:35]} Rh2 {[%emt 0:00:08]} 44. Ra6+ {[%emt 0:01:25]} Kd7 {[%emt 0:00:58]} 45. c5 {[%emt 0:06:48]} Rxf2 {[%emt 0:00:09]} 46. Ra7+ {[%emt 0:08:41]} Kc8 {[%emt 0:00:40]} 47. b6 {[%emt 0:04:36]} Rb2 {[%emt 0:00:11]} 48. Kf6 {[%emt 0:01:31]} Rb5 {[%emt 0:00:49]} 49. Rc7+ {[%emt 0:00:36]} Kb8 {[%emt 0:00:54]} 50. Kxe6 {[%emt 0:00:38]} g3 {[%emt 0:00:27]} 51. Kxf5 {[%emt 0:00:34]} g2 {[%emt 0:00:55]} 52. Rg7 {[%emt 0:00:28]} Rxc5+ {[%emt 0:00:13]} 53. Ke4 {[%emt 0:00:07]} 1-0

[Event "30th Klatovy B 2024"]
[Site "Klatovy CZE"]
[Date "2024.07.01"]
[Round "3.15"]
[White "Rezac, Jindrich"]
[Black "Zelenka, Tomas"]
[Result "1-0"]
[WhiteElo "1875"]
[BlackElo "1575"]
[PlyCount "89"]
[EventDate "2024.06.29"]
[EventType "swiss"]
[EventRounds "9"]
[EventCountry "CZE"]

1. c4 Nf6 2. g3 e6 3. Bg2 d5 4. d4 c5 5. Nf3 Nc6 6. O-O dxc4 7. dxc5 Qxd1 8. Rxd1 Bxc5 9. Nc3 O-O 10. Bf4 Ng4 11. Ne4 Bb6 12. h3 e5 13. Bg5 Bf5 14. Nfd2 Bxe4 15. Nxe4 f5 16. hxg4 fxe4 17. Be3 Nd4 18. Bxe4 Nxe2+ 19. Kg2 Bxe3 20. fxe3 c3 21. Bd5+ Kh8 22. bxc3 Nxc3 23. Rd3 Nxd5 24. Rxd5 e4 25. Rd4 Rae8 26. Rc1 Rf3 27. Rxe4 Ref8 28. Rf4 R3xf4 29. gxf4 g6 30. Rc7 Rd8 31. Rxb7 Rd2+ 32. Kf3 Rxa2 33. g5 a5 34. Ke4 a4 35. Ra7 Ra3 36. Kd4 Kg8 37. e4 Ra1 38. Ke5 a3 39. Kf6 h5 40. Kxg6 Kf8 41. f5 a2 42. f6 Ke8 43. f7+ Kf8 44. Ra8+ Ke7 45. f8=Q+ 1-0